Sammy's spooktacular Halloween / Mike Petrik.
When Sammy gets to be in charge of the family's haunted house next Halloween, he gets right to work, but his family isn't sure they can take a full year of Sammy's spooky tricks.
Record details
- ISBN: 9781503901797
- ISBN: 1503901793
- Physical Description: 1 volume (unpaged) : color illustrations ; 29 cm
- Edition: First edition.
- Publisher: New York : Two Lions, [2018]
- Copyright: ©2018
Search for related items by subject
| Genre: | Picture books. |
Available copies
- 1 of 1 copy available at scottsboropl.
Holds
- 0 current holds with 1 total copy.
Show Only Available Copies
| Location | Call Number / Copy Notes | Barcode | Shelving Location | Status | Due Date |
|---|---|---|---|---|---|
| scottsboropl | E Pet | 32269001195422 | Juvenile - Easy | Available | - |
| LDR | 02854cam a2200721 i 4500 | ||
|---|---|---|---|
| 001 | 155894 | ||
| 003 | SBPL | ||
| 005 | 20210526204036.0 | ||
| 008 | 190504t20182018nyua j 000 1 eng d | ||
| 010 | . | ‡a 2018275916 | |
| 015 | . | ‡aGBB8C0203 ‡2bnb | |
| 016 | 7 | . | ‡a018921979 ‡2Uk |
| 019 | . | ‡a1045056735 | |
| 020 | . | ‡a9781503901797 ‡q(hardcover) | |
| 020 | . | ‡a1503901793 ‡q(hardcover) | |
| 035 | . | ‡a(OCoLC)1044767639 | |
| 042 | . | ‡alccopycat | |
| 050 | 0 | 0. | ‡aPZ7.1.P4727 ‡bSam 2018 |
| 082 | 0 | 4. | ‡a[E] ‡223 |
| 084 | . | ‡aJUV017030 ‡aJUV019000 ‡aJUV013060 ‡2bisacsh | |
| 100 | 1 | . | ‡aPetrik, Mike, ‡eauthor, ‡eillustrator. |
| 245 | 1 | 0. | ‡aSammy's spooktacular Halloween / ‡cMike Petrik. |
| 250 | . | ‡aFirst edition. | |
| 264 | 1. | ‡aNew York : ‡bTwo Lions, ‡c[2018] | |
| 264 | 4. | ‡c©2018 | |
| 300 | . | ‡a1 volume (unpaged) : ‡bcolor illustrations ; ‡c29 cm | |
| 336 | . | ‡atext ‡btxt ‡2rdacontent | |
| 336 | . | ‡astill image ‡bsti ‡2rdacontent | |
| 337 | . | ‡aunmediated ‡bn ‡2rdamedia | |
| 338 | . | ‡avolume ‡bnc ‡2rdacarrier | |
| 520 | . | ‡aWhen Sammy gets to be in charge of the family's haunted house next Halloween, he gets right to work, but his family isn't sure they can take a full year of Sammy's spooky tricks. | |
| 650 | 0. | ‡aHalloween ‡vJuvenile fiction. | |
| 650 | 0. | ‡aHaunted houses ‡vJuvenile fiction. | |
| 650 | 0. | ‡aFamilies ‡vJuvenile fiction. | |
| 650 | 0. | ‡aPicture books for children. | |
| 650 | 1. | ‡aHalloween ‡vFiction. | |
| 650 | 1. | ‡aHaunted houses ‡vFiction. | |
| 650 | 1. | ‡aFamily life ‡vFiction. | |
| 650 | 4. | ‡aPractical jokes ‡vJuvenile fiction. | |
| 650 | 4. | ‡aPractical jokes ‡vFiction. | |
| 650 | 4. | ‡aFamily ‡vJuvenile fiction. | |
| 650 | 4. | ‡aFamilies ‡vJuvenile fiction. | |
| 650 | 4. | ‡aFamilies ‡vFiction. | |
| 650 | 4. | ‡aHaunted houses (Amusements) ‡vJuvenile fiction. | |
| 650 | 4. | ‡aHaunted houses (Amusements) ‡vFiction. | |
| 655 | 7. | ‡aPicture books. ‡2lcgft | |
| 901 | . | ‡a155894 ‡b ‡c155894 ‡tbiblio | |